000 00613nam a2200169Ia 4500
008 090711s9999 xx 000 0 und d
082 _b93
100 _aघाणेकर मधुसूदन
245 _aअक्षर सांगते स्वभाव
260 _bजयश्री प्रकाशन
_c1996
300 _a68
600 _aघाणेकर मधुसूदन
630 _aअक्षर सांगते स्वभाव
700 _aघाणेकर मधुसूदन
730 _aअक्षर सांगते स्वभाव
942 _cBOOK
999 _c327980
_d327980